Score 0/12 Timer 05:00
0 Plays Today
Attraction Type Attraction % Correct
Indoors Roller CoasterRevenge of the Mummy
85.5%
Ride SimulatorThe Simpsons Ride
81.7%
3-D ShowShrek 4-D
80.7%
Shooting SimulatorMen in Black: Alien Attack
80.5%
Water AttractionJaws
73.2%
3-D ShowTerminator 2 3-D: Battle Across Time
66.9%
Dark RideET Adventure
63.3%
Ride SimulatorTwister: Ride It Out
63.1%
Outdoors Roller CoasterHollywood Rip, Ride, Rockit
50.5%
Ride SimulatorDisaster: A Major Motion Picture Ride... Starring You
49.4%
Ride SimulatorJimmy Neutron's Nicktoon Blast
49.1%
Outdoors Roller CoasterWoody Woodpecker's Nuthouse Coaster
41.5%
Come Together.
Have Fun.
All Virtual.
We all need to come together. Play Sporcle's virtual live trivia to have fun, connect with people, and get your trivia on. Join a live hosted trivia game for your favorite pub trivia experience done virtually. If a virtual private party is more your thing, go here for details.

You're not logged in!

Compare scores with friends on all Sporcle quizzes.
OR
Log In

Sporcle TV

Today on Sporcle TV


Watch our educational content, quiz creation guides, and fun videos on Sporcle TV.

Show Comments

Extras

Top Quizzes Today


Score Distribution

Paid Content

Your Account Isn't Verified!

In order to create a playlist on Sporcle, you need to verify the email address you used during registration. Go to your Sporcle Settings to finish the process.

Report this User

Report this user for behavior that violates our Community Guidelines.

Details: